Capitales du monde commençant par la lettre B - Statistiques

Statistiques générales
  • Ce quiz a été pris 9 491 fois
    8 797 depuis la dernière actualisation
  • Le résultat moyen est 13 sur 25
Statistiques - réponses
Capitale % Correct
Berlin
83%
Bruxelles
81%
Brasilia
78%
Budapest
76%
Bucarest
74%
Bogotá
71%
Bratislava
69%
Berne
68%
Buenos Aires
67%
Belgrade
61%
Bangkok
59%
Bamako
58%
Bagdad
50%
Beyrouth
46%
Belmopan
45%
Brazzaville
42%
Bakou
40%
Bichkek
37%
Bangui
36%
Bandar Seri Begawan
31%
Banjul
31%
Bridgetown
30%
Bissau
26%
Basseterre
24%
Bloemfontein
22%
Aucun quiz correspondant
Distribution des résultats
% des personnes avec chaque résultat
Percentile par nombre de réponses
Votre historique - résultats
Vous n’avez pas pris ce quiz depuis la dernière actualisation